Statystyki dla Państwa Świata : Najbardziej zaludnione państwa na ziemii

Kliknij tutaj aby rozwiązać quiz!

Ogólne statystyki

  • Ten quiz został rozwiązany 70 razy
  • Średni wynik to 8 z 10

Statystyki odpowiedzi

NRPaństwo% Poprawnych
1Chiny
100%
2Indie
98%
3Stany Zjednoczone
97%
6Brazylia
89%
9Rosja
89%
10Meksyk
78%
4Indonezja
69%
7Nigeria
67%
8Bangladesz
61%
5Pakistan
58%

Rozkład punktacji

Percentyl według liczby udzielonych odpowiedzi

Procent ludzi z każdym wynikiem

Twoja historia wyników

Nie rozwiązałeś tego quizu